Central Library OPAC University of Rajshahi

The management profession / (Record no. 15805)

MARC details
000 -LEADER
fixed length control field 00781nam a22002891 4500
001 - CONTROL NUMBER
control field 15805
003 - CONTROL NUMBER IDENTIFIER
rucl marc code BD-RjUL
005 - DATE AND TIME OF LATEST TRANSACTION
control field 20211208235905.0
008 - FIXED-LENGTH DATA ELEMENTS--GENERAL INFORMATION
fixed length control field 140210s1958 nyua b 001 0 eng
035 ## - SYSTEM CONTROL NUMBER
System control number (BD-RjUL)15860
040 ## - CATALOGING SOURCE
Original cataloging agency DLC
Transcribing agency DLC
Modifying agency BD-RjUL
Language of cataloging eng
041 ## - LANGUAGE CODE
Language code of text/sound track or separate title eng
082 00 - DEWEY DECIMAL CLASSIFICATION NUMBER
Classification number 658
Author mark and year ALM 1958
Edition number 23
100 1# - MAIN ENTRY--PERSONAL NAME
Personal name Allen, Louis A.
9 (RLIN) 49014
245 14 - TITLE STATEMENT
Title The management profession /
Statement of responsibility, etc. Louis A. Allen.
260 ## - PUBLICATION, DISTRIBUTION, ETC. (IMPRINT)
Place of publication, distribution, etc. New York :
Name of publisher, distributor, etc. McGraw-Hill,
Date of publication, distribution, etc. c1958
Date of publication, distribution, etc. c1964
300 ## - PHYSICAL DESCRIPTION
Pagination xii, 353 p. :
Illustrations diagrs. ;
Size 23 cm.
Pagination 375 p. :
490 0# - SERIES STATEMENT
Series statement McGraw-Hill series in management
500 ## - GENERAL NOTE
General note Includes index.
504 ## - BIBLIOGRAPHY, ETC. NOTE
Bibliography, etc Bibliography: p. 347-350.
650 #0 - SUBJECT ADDED ENTRY--TOPICAL TERM
Topical term or geographic name as entry element Management.
9 (RLIN) 49015
942 ## - ADDED ENTRY ELEMENTS (KOHA)
Source of classification or shelving scheme Dewey Decimal Classification
Koha item type Books
Holdings
Lost status Source of classification or shelving scheme Damaged status Not for loan Collection code Permanent Location Current Location Shelving location Date acquired Source of acquisition Cost, normal purchase price Total Checkouts Full call number Date last seen Copy number Koha item type
  Dewey Decimal Classification     Non-fiction Central Library, University of Rajshahi Central Library, University of Rajshahi   28/12/1986 Toppan cop. 47.50   658 ALM 1964 10/02/2014 C-3 Books
  Dewey Decimal Classification   Not For Loan Non-fiction Central Library, University of Rajshahi Central Library, University of Rajshahi   05/03/1974 canada     658 ALM 1958 10/04/2019 C-1 Books
  Dewey Decimal Classification   Not For Loan Non-fiction Central Library, University of Rajshahi Central Library, University of Rajshahi   05/03/1974 canada     658 ALM 1958 10/04/2019 C-2 Books
  Dewey Decimal Classification   Not For Loan Non-fiction Central Library, University of Rajshahi Central Library, University of Rajshahi   05/03/1974 canada     658 ALM 1958 10/04/2019 C-4 Books
  Dewey Decimal Classification     Non-fiction Central Library, University of Rajshahi Central Library, University of Rajshahi   28/12/1986 Toppan Thrush Tulip 47.50   658 ALM 1964 10/04/2019 C-5 Books